01086nam a2200337 i 450000100060000000300090000600500170001500800390003201500180007102000150008904000280010404100080013204600090014008000160014908000160016524500780018126000630025930000280032233600270035033700540037733800280043138000160045938800100047565000140048565100110049965800340051065800130054470000410055771000520059885600980065053198KOSZ 00520221223114102.0061010s2005 pl f |000 0 pol aPB 13786/2006 a838849287X cWA NaWA NdKOSZ 005/HR0 apol k2005 a379.85(438) a338.48(438)00aZ dziejów i dnia dziesiejszego turystyki /cpod red. Romana Nowackiego. aOpole :bOficyna Wydawnicza Politechniki Opolskiej,c2005. a165 s. :bil. ;c24 cm. 2rdacontentaTekstbtxt 2rdamediaaBez urządzenia pośredniczącegobn 2rdacarrieraWoluminbnc aKsiążki a2001- 4aTurystyka 7aPolska aGospodarka, ekonomia, finanse aHistoria1 aNowacki, Romanc(historyk)eRedakcja2 aOficyna Wydawnicza Politechniki Opolskiej4pbl. uhttp://koha.tu.koszalin.pl/cgi-bin/koha/opac-detail.pl?biblionumber=53198yKatalog online BPK